01254agaaa2200289 45000010005000000030009000050050017000140070009000310080040000400400023000800410013001031000046001161300032001622450126001942500022003202600097003423000033004395080035004725110040005075200137005475380016006845460013007006500072007137000061007857000060008467000058009065045IT-RoPAU20220918181228.0d cvaizq50131s9999||||xx ||| | || ||und|| aIT-RoPAUcIT-RoPAU aITALIANO aVidau EnricogCodice regista SPICS: 20684 aMONTFORT: FOLLE O SAPIENTE? aMONTFORT: FOLLE O SAPIENTE?cDiretto da: Vidau EnricopMONTFORT: FOLLE O SAPIENTE? (Rif. Codice opera principale : B5045) aEdizione Standard aROMA (ITALIA)bCENTRO MARIANO MONFORTANO / g"1992 (1° ed.: 1992 ; Ed. Lingua Orig.: 1992)" aVHSbsonoro, col.c50 minuti a"Musica: Daminelli Giuseppe; " a"Narratore:; Adriano; Dalle; Pezze" aREALIZZATO IN OCCASIONE DEL 150[ ANNIVERSARIO DEL RINVENIMENTO DEL TRATTATO DELLA VERA DEVOZIONE A MARIA DI SAN LUIGI MARIA MONTFORT aPAL, STEREO aITALIANO aRELIGIOSOeTV-PROGRAMMI RELIGIOSI [VHS]xCodice MATERIA SPICS: 9963 aDaminelli Giuseppee(musica)gCodice Musica SPICS: 38218 aEpis Santino e(soggetto)gCodice Soggetto SPICS: 38217 aVidau Enrico e(regista)gCodice regista SPICS: 20684